Open Source Systems: Towards Robust Practices 13th IFIP WG 2.13 International Conference, OSS 2017, Buenos Aires, Argentina, May 22-23, 2017, Proceedings (Record no. 18826)
[ view plain ]
| 000 -LEADER | |
|---|---|
| fixed length control field | 00649nam a2200133Ia 4500 |
| 008 - FIXED-LENGTH DATA ELEMENTS--GENERAL INFORMATION | |
| fixed length control field | 220615s9999||||xx |||||||||||||| ||und|| |
| 022 ## - INTERNATIONAL STANDARD SERIAL NUMBER | |
| International Standard Serial Number | 1868-4238 / 1868-422X |
| 100 ## - MAIN ENTRY--PERSONAL NAME | |
| Personal name | Stefano Zacchiroli||Federico Balaguer||Roberto Di Cosmo||Fabio Kon||Gregorio Robles||Alejandra Garrido |
| 245 #0 - TITLE STATEMENT | |
| Title | Open Source Systems: Towards Robust Practices 13th IFIP WG 2.13 International Conference, OSS 2017, Buenos Aires, Argentina, May 22-23, 2017, Proceedings |
| 546 ## - LANGUAGE NOTE | |
| Language note | English[eng] |
| 650 ## - SUBJECT ADDED ENTRY--TOPICAL TERM | |
| Topical term or geographic name entry element | open access||Linux||open source software||collaboration||information systems |
| 856 ## - ELECTRONIC LOCATION AND ACCESS | |
| Uniform Resource Identifier | <a href="https://link.springer.com/book/10.1007/978-3-319-57735-7">https://link.springer.com/book/10.1007/978-3-319-57735-7</a> |
| 942 ## - ADDED ENTRY ELEMENTS (KOHA) | |
| Koha item type | E-Books |
| Withdrawn status | Lost status | Damaged status | Not for loan | Home library | Current library | Date acquired | Total Checkouts | Date last seen | Price effective from | Koha item type |
|---|---|---|---|---|---|---|---|---|---|---|
| Kerala University of Digital Sciences, Innovation and Technology Knowledge Centre | Kerala University of Digital Sciences, Innovation and Technology Knowledge Centre | 15/06/2022 | 15/06/2022 | 15/06/2022 | E-Books |